| 000 | 00660nam a2200205Ia 4500 | ||
|---|---|---|---|
| 001 | 19310 | ||
| 003 | GE_BSU | ||
| 008 | 181216s||||||||xx |||||||||||||| ||und|| | ||
| 040 | _cGE_BSU | ||
| 245 | _aВода химия и экология 6/2016. | ||
| 245 | _bВсероссийский научно-практический журнал | ||
| 245 | _cГл. ред. Кулов Н.Н. | ||
| 260 | _aМосква | ||
| 260 | _bИзд. дом "Вода химия и жизнь | ||
| 260 | _c2016 | ||
| 300 | _a95 стр. 29см. илл. | ||
| 653 | _aВода химия и экология 6/2016. | ||
| 653 | _aპერიოდიკა | ||
| 942 | _cCR | ||
| 999 |
_c52294 _d52294 |
||